<?xml version="1.0" encoding="UTF-8"?>
<collection xmlns="http://www.loc.gov/MARC21/slim">
 <record>
  <leader>01219cam a22002535  4500</leader>
  <controlfield tag="001">MAT.inmabb002021</controlfield>
  <controlfield tag="008">710203s1970####ne#######b####100#0#eng#d</controlfield>
  <controlfield tag="005">20080916144700.0</controlfield>
  <datafield tag="245" ind1="1" ind2="0">
   <subfield code="a">Mathematical logic and foundations of set theory :</subfield>
   <subfield code="b">proceedings of an international colloquium under the auspices of the Israel Academy of Sciences and Humanities, Jerusalem, 11-14 November 1968 /</subfield>
   <subfield code="c">edited by Yehoshua Bar-Hillel.</subfield>
  </datafield>
  <datafield tag="260" ind1=" " ind2=" ">
   <subfield code="a">Amsterdam :</subfield>
   <subfield code="b">North-Holland,</subfield>
   <subfield code="c">1970.</subfield>
  </datafield>
  <datafield tag="300" ind1=" " ind2=" ">
   <subfield code="a">145 p. ;</subfield>
   <subfield code="c">24 cm.</subfield>
  </datafield>
  <datafield tag="440" ind1=" " ind2="0">
   <subfield code="a">Studies in logic and the foundations of mathematics</subfield>
  </datafield>
  <datafield tag="500" ind1=" " ind2=" ">
   <subfield code="a">Co-auspiciantes: Mathematical Institute of the Hebrew University of Jerusalem, e International Mathematical Union.</subfield>
  </datafield>
  <datafield tag="504" ind1=" " ind2=" ">
   <subfield code="a">Incluye referencias bibliográficas.</subfield>
  </datafield>
  <datafield tag="510" ind1="4" ind2=" ">
   <subfield code="a">MR,</subfield>
   <subfield code="c">42 #1643</subfield>
  </datafield>
  <datafield tag="020" ind1=" " ind2=" ">
   <subfield code="a">0720422558</subfield>
  </datafield>
  <datafield tag="111" ind1="2" ind2=" ">
   <subfield code="a">International Colloquium on Mathematical Logic and Foundations of Set Theory</subfield>
   <subfield code="d">(1968 :</subfield>
   <subfield code="c">Jerusalem)</subfield>
  </datafield>
  <datafield tag="700" ind1="2" ind2=" ">
   <subfield code="a">Bar-Hillel, Yehoshua.</subfield>
   <subfield code="4">edt</subfield>
  </datafield>
  <datafield tag="710" ind1="2" ind2=" ">
   <subfield code="a">Akademyah ha-le'umit ha-Yi´sre'elit le-mada`im.</subfield>
  </datafield>
  <datafield tag="710" ind1="2" ind2=" ">
   <subfield code="a">International Mathematical Union.</subfield>
  </datafield>
  <datafield tag="710" ind1="2" ind2=" ">
   <subfield code="a">Einstein Institute of Mathematics.</subfield>
  </datafield>
  <datafield tag="084" ind1=" " ind2=" ">
   <subfield code="a">03-06 (03Dxx 03Exx)</subfield>
   <subfield code="2">msc2000</subfield>
  </datafield>
  <datafield tag="010" ind1=" " ind2=" ">
   <subfield code="a">   73097195 </subfield>
  </datafield>
  <datafield tag="859" ind1=" " ind2=" ">
   <subfield code="h">03-06</subfield>
   <subfield code="p">A-3668</subfield>
   <subfield code="b">BIB. MATEMATICA</subfield>
  </datafield>
 </record>
</collection>
